Okamžité skončenie pracovného pomeru

Okamžité skončenie pracovného pomeru sa môže uplatniť len za mimoriadnych okolností. Kto môže okamžite skončiť pracovný pomer a aké sú zákonné taxatívne dôvody na okamžité skončenie pracovného pomeru.

Guardado en:
Detalles Bibliográficos
Autor principal: Kuníková, Lucia
Formato: Capítulo de libro
Lenguaje:eslovaco
Materias:
Etiquetas: Agregar Etiqueta
Sin Etiquetas, Sea el primero en etiquetar este registro!

MARC

LEADER 00000naa a2200000 4500
001 0207516
005 20231120135253.3
041 0 |a slo 
044 |a SK 
245 1 0 |a Okamžité skončenie pracovného pomeru  |c Lucia Kuníková 
520 |a Okamžité skončenie pracovného pomeru sa môže uplatniť len za mimoriadnych okolností. Kto môže okamžite skončiť pracovný pomer a aké sú zákonné taxatívne dôvody na okamžité skončenie pracovného pomeru. 
610 2 0 |a skončenie pomeru pracovného 
610 2 0 |a úpravy právne 
610 2 0 |a Slovensko 
100 1 |a Kuníková, Lucia